000 00611nam a22001457a 4500
003 macl
005 20180426170406.0
008 180426b xxu||||| |||| 00| 0 eng d
040 _cmacl
100 _aके. क़ष्‍ण रेडडी
_972381
245 _aभारत का इतिहास राज्‍य सिविल सेवाओं और अन्‍य प्रतियोगिता परीक्षा हेतु
260 _aचैन्‍नई
_bमैग्राहिल्‍स
_c2017
650 _aभारतीय इतिहास
_931578
942 _2ddc
_cHIN
999 _c57971
_d57971